书目信息 |
| 题名: |
别墅建筑设计
|
|
| 作者: | 邹颖 , 卞洪滨 编著 | |
| 分册: | ||
| 出版信息: | 北京 中国建筑工业出版社 2000.09 |
|
| 页数: | 235页 | |
| 开本: | 16开 | |
| 丛书名: | ||
| 单 册: | ||
| 中图分类: | TU241.1 | |
| 科图分类: | ||
| 主题词: | 民用建筑--建筑设计 | |
| 电子资源: | ||
| ISBN: | 7-112-04245-3 | |
| 000 | 00604nam0 2200205 45 | |
| 001 | 0011210869 | |
| 005 | 20010221165258.1 | |
| 010 | @a7-112-04245-3@d69.00元 | |
| 100 | @a20001121d2000 km y0chiy0120 ea | |
| 101 | 0 | @achi |
| 105 | @a z 000yy | |
| 200 | 1 | @a别墅建筑设计@ABie Shu Jian Zhu She Ji@f邹颖,卞洪滨编著@FZou Ying,Bian Hong Bin Bian Zhu |
| 210 | @a北京@c中国建筑工业出版社@d2000.09 | |
| 215 | @a235页@d16开 | |
| 606 | 0 | @a民用建筑@x建筑设计 |
| 690 | @aTU241.1@v3 | |
| 701 | 0 | @a邹颖@4编著 |
| 701 | 0 | @a卞洪滨@4编著 |
| 801 | @aCN@bPftUser@c20001121 | |
| 905 | @dTU241.1@eZ.491@b323345-346@f2 | |
| 别墅建筑设计/邹颖,卞洪滨编著.-北京:中国建筑工业出版社,2000.09 |
| 235页;16开 |
| ISBN 7-112-04245-3:69.00元 |
| ● |
| 相关链接 |
|
|
|
正题名:别墅建筑设计
索取号:TU241.1/Z.491
 
预约/预借
| 序号 | 登录号 | 条形码 | 馆藏地/架位号 | 状态 | 备注 |
| 1 | 323345 | 203233456 | 建筑库101/101建筑库 64排6列5层/ [索取号:TU241.1/Z.491] | 在馆 | |
| 2 | 323346 | 203233465 | 建筑库101/101建筑库 64排6列5层/ [索取号:TU241.1/Z.491] | 在馆 |